000 00255nam a2200109Ia 4500
008 220204s9999 xx 000 0 und d
082 _a82-3
_bMAT
100 _aMatthews, Patricia
245 0 _aFlames of glory
260 _aLondon
_bCorgi;1983
942 _cBK
999 _c37466
_d37466